| 000 | 00738nam a2200253 a 4500 | ||
|---|---|---|---|
| 008 | |||
| 020 | _a0091731666 (pbk.) | ||
| 049 | _aMAIN | ||
| 090 |
_aHD5706 _bMAL |
||
| 100 | 1 | _aMallier, A.T. | |
| 245 | 1 | 4 |
_aThe economics of labour markets and management / _cTony Mallier and Tony Shafto. |
| 260 |
_aLondon : _bHutchinson Education, _c1989. |
||
| 300 |
_aviii, 336 p. ; _c24 cm. |
||
| 504 | _aIncludes bibliographical references. | ||
| 500 | _aIncludes index. | ||
| 650 | 0 | _aLabor supply. | |
| 653 | _aLabour market | ||
| 700 | 1 | _aShafto, T.A.C. | |
| 907 |
_a.b10053153 _b19-03-12 _c17-04-03 |
||
| 003 | |||
| 005 | 20230123133342.0 | ||
| 040 | _cNUST | ||
| 942 |
_cBOOKS _kHD5706 _mMAL |
||
| 999 |
_c147102 _d147102 |
||